Medzinárodný finančný manažment zbierka príkladov (vybrané kapitoly)

Salvato in:
Dettagli Bibliografici
Autore principale: Polednáková, Anna, 1957-
Altri autori: Bikár, Miloš, 1973-, Kmeťko, Miroslav, 1969-
Natura: Libro
Lingua:slovacco
Pubblicazione: Bratislava IURA EDITION 2006
Serie:Ekonómia
Soggetti:
Tags: Aggiungi Tag
Nessun Tag, puoi essere il primo ad aggiungerne!!

MARC

LEADER 00000nam$a2200000$$$4500
001 0050635
005 20240502071601.2
020 |a 80-8078-121-4 
041 0 |a slo 
044 |a SK 
245 1 0 |a Medzinárodný finančný manažment  |b zbierka príkladov (vybrané kapitoly)  |c Anna Polednáková, Miloš Bikár, Miroslav Kmeťko 
264 1 |a Bratislava  |b IURA EDITION  |c 2006 
300 |a 80 s. 
490 1 |a Ekonómia 
830 0 |a Ekonómia 
610 2 0 |a manažment finančný 
610 2 0 |a financie medzinárodné 
610 2 0 |a riadenie finančné 
610 2 0 |a spolupráca medzinárodná 
610 2 0 |a trh medzinárodný 
610 2 0 |a trh menový 
610 2 0 |a kurz menový 
610 2 0 |a expozícia operatívna 
610 2 0 |a expozícia účtovná 
610 2 0 |a úrok 
610 2 0 |a riziko 
610 2 0 |a investovanie 
610 2 0 |a kapitál 
610 2 0 |a manažment 
100 1 |a Polednáková, Anna, 1957- 
700 1 |a Bikár, Miloš, 1973- 
700 1 |a Kmeťko, Miroslav, 1969-